| 000 | 00373nam a2200145Ia 4500 | ||
|---|---|---|---|
| 008 | 220204s9999 xx 000 0 und d | ||
| 020 | _a082479172X | ||
| 082 |
_a582.28:564.72 _bWIN |
||
| 100 | _aWinge, Dennis R | ||
| 245 | 0 | _aMetal ions in fungi | |
| 260 |
_aNew York _bMarcel Dekker _c1994 |
||
| 650 | _aFungi physiology | ||
| 700 | _aWinkelmann, Gunther | ||
| 942 | _cBK | ||
| 999 |
_c42377 _d42377 |
||